00749nam a2200205 i 450000100060000000300090000600500170001500700030003200800410003510000270007624500980010325000640020126000480026530000160031370000300032970000290035985200190038899900170040795201190042451029ES-MaACL20230906162300.0t|030808s1926 it ||||1| ita d1 aCurtius, Georg.94225210aGrammatica della lingua grieca / cdi Georg Curtius ; recata in italiano da Giuseppe Mieller. asedicesima edizione ridevula e correlta dal Angelo Taccone. aTorino : b[s.n., c1926] (fVincenzo Bona) aXVI, 404 p.1 aMieller, Giuseppe.9809661 aTaccone, Angelo.9109049 aES-MaACLjF-57 c51029d51029 00104070aATENEOMbATENEOMcDEPO2d2008-01-17eSCl0oF-57p1053663r2023-02-23 00:00:00w2023-02-23yMONOGRAFIA